[Event "Guernsey Holiday"]
[Site "?"]
[Date "2007.10.26"]
[Round "6"]
[White "Kok, F.."]
[Black "Paardekam, Rene"]
[Result "1/2-1/2"]
[WhiteElo "1609"]
[BlackElo "1754"]
[PlyCount "58"]
[EventDate "2007.11.23"]

1. d4 e6 2. c4 b6 3. e3 Bb7 4. Nf3 Nf6 5. Be2 Be7 6. O-O O-O 7. h3 d5 8. Nfd2
dxc4 9. Nxc4 c5 10. dxc5 Bxc5 11. Qxd8 Rxd8 12. Rd1 Na6 13. Rxd8+ Rxd8 14. a3
Nc7 15. Ncd2 Ncd5 16. b4 Be7 17. Bb2 Rc8 18. Bd3 h6 19. Nf3 Rd8 20. Bc2 Ba6 21.
Nbd2 Rc8 22. Bb3 Nc3 23. Nd4 Kf8 24. Rc1 Ncd5 25. Rxc8+ Bxc8 26. Nc6 Bd6 27.
Nc4 Bd7 28. Nxd6 Bxc6 29. e4 Nf4 1/2-1/2

[Event "Guernsey Holiday"]
[Site "?"]
[Date "2007.10.26"]
[Round "6"]
[White "Randall, David C"]
[Black "Gibson, John"]
[Result "0-1"]
[WhiteElo "1568"]
[BlackElo "1759"]
[PlyCount "88"]
[EventDate "2007.11.23"]

1. e4 d6 2. d4 g6 3. Nc3 Bg7 4. f4 a6 5. Nf3 b5 6. a3 Nd7 7. Bd3 Bb7 8. O-O c5
9. d5 Ngf6 10. Bd2 Qb6 11. Kh1 c4 12. Be2 Ng4 13. Qe1 Ne3 14. Bxe3 Qxe3 15. Qd2
Qxd2 16. Nxd2 O-O 17. Nd1 Nc5 18. c3 f5 19. exf5 gxf5 20. Nf3 Bxd5 21. Ne3 Be4
22. Rad1 Rad8 23. Ng5 Bb7 24. Bf3 Bxf3 25. Nxf3 e6 26. Nd4 Bxd4 27. cxd4 Nd3
28. b3 d5 29. bxc4 dxc4 30. Nc2 Rd6 31. Ne1 Rxd4 32. Nxd3 Rxd3 33. Rxd3 cxd3
34. Rd1 Rd8 35. Kg1 Kf7 36. Kf2 Kf6 37. Ke3 e5 38. fxe5+ Kxe5 39. g3 h5 40.
Rxd3 Rxd3+ 41. Kxd3 Kd5 42. Kc3 a5 43. Kb3 Ke4 44. Kc3 Kf3 0-1

[Event "Guernsey Holiday"]
[Site "?"]
[Date "2007.10.26"]
[Round "6"]
[White "Versmissen, Jorie"]
[Black "Baart, Edwin"]
[Result "1/2-1/2"]
[WhiteElo "1759"]
[BlackElo "1637"]
[PlyCount "127"]
[EventDate "2007.11.23"]

1. e4 e5 2. Nf3 Nc6 3. d4 exd4 4. Nxd4 Nxd4 5. Qxd4 d6 6. Bc4 Be6 7. Nc3 Bxc4
8. Qxc4 Qd7 9. O-O O-O-O 10. Be3 Kb8 11. a4 d5 12. Nxd5 Ne7 13. Qd4 Nc6 14. Qc3
Bd6 15. a5 Be5 16. Qb3 Nd4 17. Qc4 Qb5 18. Qxb5 Nxb5 19. a6 b6 20. Nb4 Rd6 21.
Nd3 Bd4 22. Bf4 Re6 23. e5 f6 24. exf6 Bxf6 25. Rfe1 Rhe8 26. Kf1 Nd4 27. c3
Rxe1+ 28. Rxe1 Rxe1+ 29. Kxe1 Ne6 30. Bg3 h5 31. Nb4 h4 32. Nc6+ Ka8 33. Be5
Bxe5 34. Nxe5 Nf4 35. Kf1 g5 36. Nf3 Ne6 37. b4 c6 38. Nd4 Nd8 39. Ke2 c5 40.
bxc5 bxc5 41. Nb3 Ne6 42. Ke3 Kb8 43. g3 hxg3 44. hxg3 Kc7 45. Ke4 c4 46. Nd4
Nc5+ 47. Kd5 Nd3 48. Kxc4 Nxf2 49. Kb5 Ne4 50. c4 Nxg3 51. Ne6+ Kc8 52. Nxg5
Nf5 53. Nf7 Nd4+ 54. Kc5 Ne6+ 55. Kb5 Nc7+ 56. Ka5 Ne6 57. Nd6+ Kc7 58. Nb5+
Kb8 59. Kb4 Ka8 60. c5 Nxc5 61. Kxc5 Kb8 62. Kd6 Ka8 63. Kc6 Kb8 64. Nc7
1/2-1/2

[Event "Guernsey Holiday"]
[Site "?"]
[Date "2007.10.26"]
[Round "6"]
[White "Hoogakker, Peter"]
[Black "Palmer, Eric L"]
[Result "1-0"]
[WhiteElo "1746"]
[BlackElo "1566"]
[PlyCount "53"]
[EventDate "2007.11.23"]

1. e4 d6 2. d4 g6 3. Be2 Bg7 4. h4 Nf6 5. Nc3 Nbd7 6. h5 b6 7. Bf3 e5 8. hxg6
fxg6 9. Bg5 h6 10. Bh4 Bb7 11. Qd3 c6 12. O-O-O Qe7 13. dxe5 dxe5 14. Qc4 b5
15. Qe2 O-O-O 16. Bg3 Qc5 17. Bg4 Nxg4 18. Qxg4 g5 19. Nf3 Qe7 20. Nd2 Kb8 21.
Nb3 Rhe8 22. Nd4 Nf6 23. Qe2 h5 24. Nf5 Rxd1+ 25. Rxd1 Qc7 26. Qd2 Nh7 27. Qd7
1-0

[Event "Guernsey Holiday"]
[Site "?"]
[Date "2007.10.26"]
[Round "6"]
[White "Kearsley, Raymond J"]
[Black "Bakkes, Frits"]
[Result "1-0"]
[WhiteElo "1664"]
[BlackElo "1533"]
[PlyCount "40"]
[EventDate "2007.11.23"]

1. e4 c5 2. Nf3 Nc6 3. c3 d6 4. Be2 e5 5. O-O Nf6 6. d4 Nxe4 7. d5 Ne7 8. Qa4+
Bd7 9. Qxe4 f5 10. Qc4 b5 11. Qb3 c4 12. Qd1 f4 13. Ng5 g6 14. Ne6 Bxe6 15.
dxe6 d5 16. a4 Qb6 17. axb5 Qxe6 18. Ra6 Qf5 19. Na3 h5 20. b6 O-O-O 1-0

[Event "Guernsey Holiday"]
[Site "?"]
[Date "2007.10.26"]
[Round "6"]
[White "Foster, James M"]
[Black "Ruigrok, Jacques"]
[Result "0-1"]
[WhiteElo "1432"]
[BlackElo "1709"]
[PlyCount "68"]
[EventDate "2007.11.23"]

1. e4 e5 2. Nf3 Nf6 3. Nxe5 d6 4. Nf3 Nxe4 5. Nc3 Nxc3 6. dxc3 Be7 7. Be2 O-O
8. c4 Nc6 9. O-O Bf5 10. Bf4 Bf6 11. c3 Re8 12. Nd4 Bxd4 13. cxd4 Nxd4 14. Qxd4
Rxe2 15. Be3 Qe7 16. b3 Qe4 17. Qd1 Qd3 18. Qc1 Rc2 19. Qa3 Qe4 20. Rfe1 a6 21.
Rad1 Re8 22. Qa5 Bd7 23. Bd4 Re2 24. Rf1 Bc6 25. Qg5 Qg6 26. Qxg6 hxg6 27. a4
Be4 28. b4 Bc2 29. Ra1 Bb3 30. c5 R8e4 31. Ra3 Bxa4 32. Rxa4 Rxd4 33. cxd6 Rxd6
34. Rb1 Rdd2 0-1

[Event "Guernsey Holiday"]
[Site "?"]
[Date "2007.10.26"]
[Round "6"]
[White "Naldrett, Geoffrey W"]
[Black "Carlucci, Paul A"]
[Result "0-1"]
[WhiteElo "1520"]
[BlackElo "1704"]
[PlyCount "54"]
[EventDate "2007.11.23"]

1. c4 e5 2. Nc3 Nf6 3. g3 Nc6 4. Bg2 Bc5 5. h3 O-O 6. Nf3 a6 7. O-O d6 8. d3
Bd7 9. Kh2 Rb8 10. a3 b5 11. cxb5 axb5 12. b4 Bd4 13. Nxd4 Nxd4 14. e3 Ne6 15.
d4 h6 16. d5 Ng5 17. e4 Qc8 18. Bxg5 hxg5 19. Qd2 Nh7 20. Rac1 Qd8 21. Ne2 f5
22. exf5 Bxf5 23. g4 Bd7 24. Rc3 Nf6 25. Qc2 Rb7 26. Rf3 Ra7 27. Qd3 e4 0-1

[Event "Guernsey Holiday"]
[Site "?"]
[Date "2007.10.26"]
[Round "6"]
[White "Sivakumar, Athman"]
[Black "Collins, Alan"]
[Result "1-0"]
[WhiteElo "1528"]
[BlackElo "1504"]
[PlyCount "43"]
[EventDate "2007.11.23"]

1. e4 c6 2. d4 d5 3. exd5 cxd5 4. Bd3 Nf6 5. c3 e6 6. Nf3 Nc6 7. Ne5 Be7 8. f4
g6 9. Nd2 Nxe5 10. fxe5 Nh5 11. O-O Bg5 12. Nf3 Bxc1 13. Qxc1 h6 14. g4 Ng7 15.
Qf4 Qe7 16. Rf2 Bd7 17. Nd2 h5 18. Qf6 Rh7 19. Raf1 hxg4 20. Qxe7+ Kxe7 21.
Rxf7+ Kd8 22. Bxg6 1-0

[Event "Guernsey Holiday"]
[Site "?"]
[Date "2007.10.26"]
[Round "6"]
[White "Onwezen, Eric"]
[Black "Nalichowski, Bogdan"]
[Result "1-0"]
[WhiteElo "1621"]
[BlackElo "1458"]
[PlyCount "95"]
[EventDate "2007.11.23"]

1. e4 e5 2. Nf3 Nc6 3. Nc3 Nf6 4. Bc4 Bc5 5. d3 h6 6. a3 d6 7. h3 a6 8. O-O b5
9. Bb3 Qd7 10. Qe2 Nh5 11. Nxe5 Ng3 12. Qf3 Nxe5 13. Qxg3 Bb7 14. Be3 O-O-O 15.
Bxc5 Nxd3 16. Qxd3 dxc5 17. Qxd7+ Rxd7 18. Rad1 Re7 19. Bd5 f6 20. Bxb7+ Kxb7
21. Rd2 Rf8 22. Rfd1 Rff7 23. f3 h5 24. Nd5 Re5 25. Nf4 Kc6 26. Rd5 h4 27. Rxe5
fxe5 28. Ng6 Rf6 29. Nxe5+ Kb7 30. Kf2 a5 31. Ke3 Re6 32. Ng4 g5 33. Rd5 Kb6
34. Rxg5 c6 35. e5 a4 36. Rg7 b4 37. Rd7 bxa3 38. bxa3 c4 39. Kd4 Re8 40. Kxc4
c5 41. f4 Rb8 42. e6 Kc6 43. Ne5+ Kb6 44. e7 Ka6 45. Rd8 Rb7 46. e8=Q Kb6 47.
Qb5+ Ka7 48. Nc6# 1-0

[Event "Guernsey Holiday"]
[Site "?"]
[Date "2007.10.26"]
[Round "6"]
[White "Finch, J Russell"]
[Black "Timmerman, Peter"]
[Result "1-0"]
[WhiteElo "1706"]
[BlackElo "1589"]
[PlyCount "123"]
[EventDate "2007.11.23"]

1. d4 Nf6 2. c4 e6 3. Nc3 d5 4. Bg5 Bb4 5. e3 O-O 6. Nf3 Nbd7 7. Bd3 b6 8. O-O
Ba6 9. Qb3 Bxc3 10. Qxc3 Qc8 11. Qc2 dxc4 12. Bxc4 Bxc4 13. Qxc4 Qb7 14. Rac1
Rac8 15. Qc6 Qxc6 16. Rxc6 Nb8 17. Rc2 Nd5 18. a3 f6 19. Bh4 Na6 20. Rfc1 Rf7
21. Bg3 c5 22. b4 Naxb4 23. axb4 Nxb4 24. Rc4 Na6 25. dxc5 Rxc5 26. Rxc5 Nxc5
27. Rd1 Rd7 28. Rxd7 Nxd7 29. Nd4 e5 30. Nc6 a5 31. f4 a4 32. Nb4 exf4 33. exf4
Kf7 34. f5 Nc5 35. Bf2 Nd7 36. Bd4 b5 37. Kf2 Ke7 38. Ke3 Kd6 39. Nd3 g6 40.
fxg6 hxg6 41. g4 g5 42. Ke4 Ke6 43. Nc5+ Kd6 44. Nxd7 Kxd7 45. Bxf6 b4 46. Kd4
Ke6 47. Bh8 b3 48. Kc4 a3 49. Kxb3 Kd5 50. Bf6 Ke4 51. Bxg5 Kf3 52. Kxa3 Kxg4
53. h4 Kh5 54. Kb4 Kg6 55. Kc5 Kh7 56. Kd6 Kg8 57. Ke6 Kg7 58. Kf5 Kh7 59. h5
Kg7 60. Ke6 Kg8 61. Kf6 Kh7 62. Bf4 1-0

[Event "Guernsey Holiday"]
[Site "?"]
[Date "2007.10.26"]
[Round "6"]
[White "Haisma, Henk"]
[Black "Foster, Paul"]
[Result "0-1"]
[WhiteElo "1692"]
[BlackElo "1488"]
[PlyCount "104"]
[EventDate "2007.11.23"]

1. b4 e5 2. Bb2 d6 3. e3 Be6 4. Nf3 f5 5. d4 e4 6. Nfd2 d5 7. a3 Nf6 8. c4 c6
9. Nc3 Nbd7 10. Qc2 a6 11. Be2 Bd6 12. c5 Bc7 13. a4 O-O 14. h3 Qe8 15. O-O-O
f4 16. Kb1 Nh5 17. a5 Qg6 18. Rdg1 fxe3 19. Bxh5 Qxh5 20. g4 Qh4 21. fxe3 Rf2
22. Qd1 Raf8 23. Nf1 R2f3 24. Rg2 Rxh3 25. Rhg1 Rf2 26. Ne2 Rxg2 27. Rxg2 Bxg4
28. Bc1 Nf6 29. Qc2 Rh1 30. Neg3 Bxg3 31. Nxg3 Rh3 32. Qf2 Qg5 33. Ne2 Rf3 34.
Qg1 h5 35. Nf4 Qf5 36. Qh2 Kf7 37. Qg1 h4 38. Ne2 g5 39. Qh2 Rf1 40. Qc7+ Kg6
41. Qxb7 Bxe2 42. Rxe2 Qd7 43. Qxd7 Nxd7 44. b5 axb5 45. a6 Rf8 46. Ra2 Ra8 47.
Bd2 h3 48. Be1 Kf5 49. Bg3 Kg4 50. Bd6 Kf3 51. Ra3 g4 52. Bf4 g3 0-1

[Event "Guernsey Holiday"]
[Site "?"]
[Date "2007.10.26"]
[Round "6"]
[White "Cox, John"]
[Black "Brooker, Chris H"]
[Result "0-1"]
[WhiteElo "1460"]
[BlackElo "1670"]
[PlyCount "88"]
[EventDate "2007.11.23"]

1. e4 d5 2. exd5 Qxd5 3. Nc3 Qa5 4. d4 Nf6 5. Nf3 Bf5 6. Bd3 Bxd3 7. Qxd3 c6 8.
Bd2 Qc7 9. O-O e6 10. Ne4 Nxe4 11. Qxe4 Be7 12. Bf4 Bd6 13. Bxd6 Qxd6 14. Rfe1
Nd7 15. Rad1 h6 16. Ne5 Nf6 17. Qf3 O-O 18. c3 Qc7 19. Ng4 Nxg4 20. Qxg4 Rad8
21. Qe4 Rd7 22. Qe5 Qxe5 23. dxe5 Rfd8 24. Rxd7 Rxd7 25. Kf1 g5 26. Re4 Kg7 27.
Ke2 Kg6 28. Rd4 Rd5 29. Rxd5 exd5 30. g4 f5 31. exf6 Kxf6 32. Ke3 Ke5 33. b4 b6
34. h3 c5 35. a4 cxb4 36. cxb4 a6 37. b5 axb5 38. axb5 d4+ 39. Kd3 Kd5 40. f4
gxf4 41. h4 f3 42. g5 hxg5 43. hxg5 Ke5 44. g6 Kf6 0-1

[Event "Guernsey Holiday"]
[Site "?"]
[Date "2007.10.26"]
[Round "6"]
[White "Jongerius, M.."]
[Black "Beadle, John R"]
[Result "1-0"]
[WhiteElo "1592"]
[BlackElo "1400"]
[PlyCount "49"]
[EventDate "2007.11.23"]

1. e4 c5 2. Nf3 d6 3. c3 Nf6 4. Be2 g6 5. O-O Bg7 6. Qc2 O-O 7. d4 cxd4 8. cxd4
Nbd7 9. Rd1 b6 10. Nc3 Bb7 11. d5 Qc8 12. Nd4 Re8 13. f3 Ba6 14. Qa4 Bxe2 15.
Ncxe2 Nc5 16. Qa3 Nfd7 17. b4 Na6 18. Be3 Nc7 19. Rac1 Qb7 20. Rc2 Rec8 21. Nc6
Kf8 22. Rdc1 Ke8 23. Qa4 Kf8 24. Nd8 Nxd5 25. Nxb7 1-0

[Event "Guernsey Holiday"]
[Site "?"]
[Date "2007.10.26"]
[Round "6"]
[White "Rodrigues, Benedict"]
[Black "O'Connor, J.."]
[Result "0-1"]
[WhiteElo "944"]
[BlackElo "1591"]
[PlyCount "76"]
[EventDate "2007.11.23"]

1. e4 c5 2. Nf3 a6 3. d4 cxd4 4. Nxd4 Nc6 5. Be3 e5 6. Nf3 Nf6 7. Nc3 Bb4 8.
Bd2 Bxc3 9. Bxc3 Nxe4 10. Bxe5 Nxe5 11. Nxe5 Qa5+ 12. c3 Qxe5 13. Qe2 Qe6 14.
Qc4 d5 15. Qe2 O-O 16. O-O-O Bd7 17. Re1 Rfe8 18. Qc2 Qh6+ 19. Kd1 Nc5 20.
Rxe8+ Rxe8 21. Be2 g6 22. Bf3 Bf5 23. Qd2 Qxd2+ 24. Kxd2 Be4 25. Re1 Kf8 26.
Bxe4 Nxe4+ 27. Kc2 Nxf2 28. Rf1 Re2+ 29. Kb3 Rd2 30. a3 b5 31. g3 Nd3 32. Rb1
Rxh2 33. g4 Rg2 34. g5 a5 35. a4 Nc5+ 36. Ka3 Nxa4 37. b3 Nxc3 38. b4 Nxb1+ 0-1

[Event "Guernsey Holiday"]
[Site "?"]
[Date "2007.10.26"]
[Round "6"]
[White "Carlucci, Frank"]
[Black "Newrick, William R"]
[Result "1-0"]
[WhiteElo "1552"]
[BlackElo "1363"]
[PlyCount "59"]
[EventDate "2007.11.23"]

1. e4 d5 2. exd5 Nf6 3. c4 e6 4. dxe6 Bxe6 5. Nc3 Bc5 6. Nf3 Nc6 7. Be2 O-O 8.
O-O Bg4 9. Re1 Re8 10. d3 Nd4 11. Nxd4 Qxd4 12. Be3 Rxe3 13. fxe3 Qxe3+ 14. Kh1
Re8 15. Bxg4 Nxg4 16. Rxe3 Nf2+ 17. Kg1 Bxe3 18. Qa4 c6 19. Kf1 Nxd3 20. Qc2
Ne5 21. Ne4 Ng4 22. h3 Nh2+ 23. Ke2 Bc5 24. Kd3 Rd8+ 25. Kc3 a5 26. Rd1 Bb4+
27. Kb3 Ra8 28. a3 Bf8 29. c5 a4+ 30. Ka2 1-0

[Event "Guernsey Holiday"]
[Site "?"]
[Date "2007.10.26"]
[Round "6"]
[White "Bennett, DW.."]
[Black "Harnden, Terry W"]
[Result "1/2-1/2"]
[WhiteElo "1112"]
[BlackElo "1485"]
[PlyCount "100"]
[EventDate "2007.11.23"]

1. Nf3 c5 2. d3 g6 3. Bf4 d6 4. Nbd2 Bg7 5. Rb1 Nf6 6. c4 O-O 7. e4 Nc6 8. Be2
Bg4 9. O-O a6 10. a3 b5 11. cxb5 axb5 12. Qc2 Rc8 13. Rfe1 Re8 14. Qb3 Rb8 15.
Ng5 e6 16. Bxg4 Nxg4 17. Qd1 Nf6 18. Ngf3 Nh5 19. Bg5 Nf6 20. Rc1 e5 21. b4 Qb6
22. Be3 Nd4 23. bxc5 dxc5 24. Rb1 Qd8 25. Nb3 Nxf3+ 26. Qxf3 c4 27. dxc4 bxc4
28. Nc5 Qa5 29. a4 Qc3 30. Qd1 Red8 31. Qc1 Qxc1 32. Rbxc1 Rb4 33. h3 Bf8 34.
a5 Bxc5 35. Bxc5 Rb7 36. Rxc4 Ra8 37. Ra1 Rc7 38. Raa4 Nxe4 39. Bb6 Rxc4 40.
Rxc4 Nd6 41. Rc6 Nc8 42. Bc7 Ne7 43. Rc4 Nd5 44. Bxe5 f6 45. Bc3 Nxc3 46. Rxc3
Rxa5 47. f3 Kg7 48. Kh2 Kh6 49. Rc4 g5 50. Rd4 Kg6 1/2-1/2

[Event "Guernsey Holiday"]
[Site "?"]
[Date "2007.10.26"]
[Round "6"]
[White "Van Rooijen, Gerardus C"]
[Black "Ainscow, Faye"]
[Result "1/2-1/2"]
[WhiteElo "1480"]
[BlackElo "1336"]
[PlyCount "45"]
[EventDate "2007.11.23"]

1. d4 d5 2. c4 Nf6 3. Nc3 e6 4. Bg5 Nbd7 5. e3 c6 6. cxd5 exd5 7. Bd3 Be7 8.
Nge2 O-O 9. Ng3 Re8 10. a3 Nf8 11. O-O h6 12. Bf4 Bd6 13. Bxd6 Qxd6 14. Qc2 Re7
15. Bf5 g6 16. Bxc8 Rxc8 17. Qd2 Kg7 18. Rfe1 Rce8 19. Re2 N8h7 20. Rae1 Ng5
21. f4 Nge4 22. Ncxe4 Nxe4 23. Nxe4 1/2-1/2

[Event "Guernsey Holiday"]
[Site "?"]
[Date "2007.10.26"]
[Round "6"]
[White "Silverstein, Ben"]
[Black "Le Maitre, Richard"]
[Result "1-0"]
[WhiteElo "1464"]
[BlackElo "1270"]
[PlyCount "65"]
[EventDate "2007.11.23"]

1. e4 c5 2. Nf3 d6 3. c3 Nf6 4. Be2 Bd7 5. d3 Nc6 6. O-O Qc7 7. Be3 Ng4 8. Bf4
e5 9. Bg3 Nf6 10. Nbd2 Be7 11. Rc1 O-O 12. d4 cxd4 13. cxd4 Qb8 14. dxe5 dxe5
15. Nc4 Nxe4 16. Qxd7 Nxg3 17. hxg3 Rd8 18. Qf5 g6 19. Qc2 Nd4 20. Nxd4 exd4
21. Rfd1 Bf6 22. Bf3 Qc7 23. Qa4 Rdb8 24. Na5 Qb6 25. Rc4 Qxb2 26. Rb4 b5 27.
Qb3 Qxb3 28. Rxb3 a6 29. Bxa8 Rxa8 30. Nc6 Kg7 31. Nxd4 Rd8 32. Rbd3 b4 33.
Nf5+ 1-0

[Event "Guernsey Holiday"]
[Site "?"]
[Date "2007.10.26"]
[Round "6"]
[White "Herschmann, Heinz"]
[Black "Welch, Hazel"]
[Result "1/2-1/2"]
[WhiteElo "1320"]
[BlackElo "1368"]
[PlyCount "93"]
[EventDate "2007.11.23"]

1. e4 c5 2. Nf3 d6 3. d4 cxd4 4. Nxd4 Nf6 5. Bd3 g6 6. c3 Bg7 7. f3 O-O 8. Be3
Nc6 9. Kf2 Bd7 10. Nd2 a6 11. Nxc6 bxc6 12. Rc1 Qa5 13. a3 c5 14. Nc4 Qc7 15.
b3 Bb5 16. a4 Bxc4 17. Bxc4 a5 18. Qd2 Rfd8 19. Rhd1 Rab8 20. g3 Ne8 21. Bb5
Nf6 22. c4 Nd7 23. Kg2 Ne5 24. f4 Nc6 25. Qf2 Nd4 26. Bxd4 Bxd4 27. Qf3 e6 28.
Rd3 Qe7 29. Re1 Qf6 30. g4 h6 31. Kg3 Re8 32. Bxe8 Rxe8 33. h4 Qe7 34. g5 h5
35. Kg2 Qb7 36. e5 Qb4 37. Re2 Qb6 38. exd6 Qxd6 39. Qe4 Qb6 40. Rf3 Rd8 41.
Rc2 Qb4 42. Qe2 Qa3 43. Qd1 Rb8 44. Qd3 Qb4 45. Re2 Qa3 46. Qb1 Bg7 47. Qd1
1/2-1/2

[Event "Guernsey Holiday"]
[Site "?"]
[Date "2007.10.26"]
[Round "6"]
[White "Hoare, Amy"]
[Black "Carrick, Peter"]
[Result "1-0"]
[WhiteElo "904"]
[BlackElo "1304"]
[PlyCount "95"]
[EventDate "2007.11.23"]

1. e4 e5 2. Nf3 Nc6 3. d4 exd4 4. Bc4 h6 5. c3 d6 6. cxd4 Bg4 7. Be3 Nge7 8. h3
Bxf3 9. Qxf3 d5 10. exd5 Na5 11. d6 Nxc4 12. dxe7 Qxe7 13. Qxb7 Qb4+ 14. Qxb4
Bxb4+ 15. Nd2 Nxb2 16. Rb1 Bc3 17. O-O Bxd2 18. Bxd2 Nc4 19. Bf4 O-O 20. Rbc1
Nb6 21. Bxc7 Nd5 22. Bg3 Rfc8 23. Rxc8+ Rxc8 24. Rd1 Rc6 25. f3 Kf8 26. Bf2 a6
27. g4 Rc2 28. Ra1 Nc3 29. a3 Rd2 30. Be1 Rd1 31. Rxd1 Nxd1 32. Bb4+ Kg8 33.
Kf1 Ne3+ 34. Ke2 Nd5 35. h4 g6 36. Kd3 h5 37. g5 f6 38. gxf6 Nxf6 39. Kc4 Kf7
40. Kc5 Ke6 41. Bd2 Kd7 42. d5 Ne8 43. a4 Nd6 44. a5 Nf5 45. Bg5 Ng3 46. Kb6
Kc8 47. Kxa6 Kb8 48. Bf4+ 1-0

[Event "Guernsey Holiday"]
[Site "?"]
[Date "2007.10.26"]
[Round "6"]
[White "Brown, Jim"]
[Black "Cox, Marian"]
[Result "1/2-1/2"]
[WhiteElo "1144"]
[BlackElo "1200"]
[PlyCount "70"]
[EventDate "2007.11.23"]

1. Nf3 d5 2. d4 Nf6 3. e3 Bg4 4. Nbd2 Nc6 5. Be2 e6 6. O-O Bd6 7. b3 O-O 8. Bb2
Ne7 9. h3 Bh5 10. a3 c6 11. Ne5 Bxe2 12. Qxe2 Qc7 13. Ndf3 h6 14. c4 b6 15.
Rac1 Qb7 16. cxd5 cxd5 17. Rc2 Rac8 18. Rfc1 Rxc2 19. Rxc2 Rc8 20. b4 a6 21.
Qd1 b5 22. Rxc8+ Qxc8 23. Qc1 Qb7 24. g3 Ne4 25. Kg2 f6 26. Nd3 g5 27. g4 f5
28. Nde5 Kg7 29. Nh2 Bxe5 30. dxe5 Ng6 31. Nf3 f4 32. Bd4 Kf7 33. Qc2 Ke8 34.
Qc1 Kd7 35. Qc2 Qc6 1/2-1/2

[Event "Guernsey Holiday"]
[Site "?"]
[Date "2007.10.26"]
[Round "6"]
[White "Lowe, Greg"]
[Black "Cox, Reginald E"]
[Result "1/2-1/2"]
[WhiteElo "1364"]
[BlackElo "1136"]
[PlyCount "132"]
[EventDate "2007.11.23"]

1. e4 d6 2. d4 Nf6 3. Nc3 Nbd7 4. Nf3 e5 5. Bc4 h6 6. Be3 Be7 7. Qd2 Ng4 8. d5
Nxe3 9. Qxe3 Bg5 10. Nxg5 Qxg5 11. Qxg5 hxg5 12. O-O-O Nc5 13. f3 a6 14. g3 Bd7
15. h4 gxh4 16. Rxh4 O-O-O 17. Rdh1 Rxh4 18. Rxh4 b5 19. Bf1 b4 20. Ne2 a5 21.
Bh3 Bxh3 22. Rxh3 a4 23. b3 Kb7 24. Rh7 Rg8 25. g4 f6 26. Ng3 axb3 27. axb3 g6
28. Rf7 Rh8 29. Rxf6 Rh3 30. Ne2 Rh1+ 31. Kd2 Rf1 32. Nc1 Nxe4+ 33. Ke2 Rxc1
34. fxe4 Rxc2+ 35. Kd3 Rc3+ 36. Kd2 Rxb3 37. Kc2 Re3 38. Rxg6 Rxe4 39. Kb3 Rf4
40. g5 Rg4 41. Rg7 e4 42. Re7 Rg3+ 43. Kxb4 e3 44. g6 Rg4+ 45. Kc3 Rg3 46. g7
e2+ 47. Kd2 e1=Q+ 48. Kxe1 Rg5 49. Kf2 Kb6 50. Ke3 Rg3+ 51. Kf4 Rg1 52. Kf5
Rf1+ 53. Kg6 Rg1+ 54. Kf7 Rf1+ 55. Ke8 Rg1 56. Rf7 Kc5 57. Rxc7+ Kxd5 58. Rf7
Ke6 59. Kf8 d5 60. g8=Q Rxg8+ 61. Kxg8 d4 62. Rf1 Kd5 63. Kf7 d3 64. Kf6 Kc4
65. Rc1+ Kb3 66. Ke5 d2 1/2-1/2

[Event "Guernsey Holiday"]
[Site "?"]
[Date "2007.10.27"]
[Round "7"]
[White "Gibson, John"]
[Black "Thompson, Robert"]
[Result "0-1"]
[WhiteElo "1759"]
[BlackElo "1568"]
[PlyCount "90"]
[EventDate "2007.11.23"]

1. d4 Nf6 2. Nf3 g6 3. Nc3 Bg7 4. e4 d6 5. Be3 O-O 6. Bd3 e5 7. d5 Ne8 8. Qd2
f5 9. Bh6 f4 10. Bxg7 Kxg7 11. h4 h6 12. O-O-O Bd7 13. Rdg1 a6 14. g3 b5 15.
gxf4 Rxf4 16. Rg3 Nf6 17. Rhg1 Bg4 18. Nh2 Bh5 19. Be2 Rxf2 20. Nf3 b4 21. Ng5
bxc3 22. Ne6+ Kh7 23. Qe3 cxb2+ 24. Kb1 Rxe2 25. Qxe2 Bxe2 26. Nxd8 Bh5 27. Rc3
Ra7 28. Rf1 Nbd7 29. Ne6 g5 30. Nf8+ Nxf8 31. Rxf6 Nd7 32. Re6 Nc5 33. Re7+ Kg6
34. Rxc5 dxc5 35. d6 Ra8 36. Rxc7 gxh4 37. Rxc5 Rd8 38. Rd5 Bf3 39. Kxb2 Bxe4
40. Rxe5 Bf5 41. Rd5 h3 42. Rd2 Be4 43. c4 Kf5 44. c5 Bg2 45. Rf2+ Ke5 0-1

[Event "Guernsey Holiday"]
[Site "?"]
[Date "2007.10.27"]
[Round "7"]
[White "Hoogakker, Peter"]
[Black "Kok, F.."]
[Result "1-0"]
[WhiteElo "1746"]
[BlackElo "1609"]
[PlyCount "41"]
[EventDate "2007.11.23"]

1. e4 c5 2. Nf3 Nc6 3. c3 d6 4. d4 cxd4 5. cxd4 Nf6 6. Be2 Nxe4 7. d5 Qa5+ 8.
Nc3 Nxc3 9. bxc3 Nd8 10. O-O e6 11. Rb1 Qxd5 12. Bb5+ Bd7 13. Bxd7+ Kxd7 14.
Qa4+ Qc6 15. Qd4 f6 16. Re1 Nf7 17. Qb4 b6 18. Nd4 Qc5 19. Qa4+ Kc8 20. Nxe6
Qh5 21. Qc6+ 1-0

[Event "Guernsey Holiday"]
[Site "?"]
[Date "2007.10.27"]
[Round "7"]
[White "Nalichowski, Seb"]
[Black "Kearsley, Raymond J"]
[Result "0-1"]
[WhiteElo "1667"]
[BlackElo "1664"]
[PlyCount "45"]
[EventDate "2007.11.23"]

1. d4 Nf6 2. c4 g6 3. Nc3 d5 4. cxd5 Nxd5 5. e4 Nxc3 6. bxc3 Bg7 7. Bc4 O-O 8.
Ba3 Nd7 9. Nf3 c5 10. O-O Nb6 11. Be2 cxd4 12. cxd4 Bg4 13. Bb2 Rc8 14. Qb3
Bxf3 15. gxf3 e6 16. Rad1 Rc7 17. Kh1 Qf6 18. Rc1 Rfc8 19. Rxc7 Rxc7 20. a4 Qf4
21. a5 Nd7 22. Qd1 a6 23. Rg1 {0-1, Mobile Phone.} 0-1

[Event "Guernsey Holiday"]
[Site "?"]
[Date "2007.10.27"]
[Round "7"]
[White "Carlucci, Paul A"]
[Black "Versmissen, Jorie"]
[Result "1/2-1/2"]
[WhiteElo "1704"]
[BlackElo "1759"]
[PlyCount "100"]
[EventDate "2007.11.23"]

1. d4 d6 2. Nf3 Bg4 3. e3 Nd7 4. Be2 Ngf6 5. O-O g6 6. b3 Bg7 7. Bb2 O-O 8. c4
Re8 9. h3 Bxf3 10. Bxf3 c6 11. Nd2 Qc7 12. Qc2 e5 13. Rfe1 Rac8 14. Rac1 Rf8
15. a3 a5 16. b4 Ne8 17. Qb3 axb4 18. axb4 f5 19. Ra1 Nef6 20. dxe5 Nxe5 21.
Be2 Ne4 22. Red1 Qf7 23. Ra7 Ra8 24. Rxa8 Rxa8 25. Nf1 f4 26. f3 fxe3 27. Nxe3
Ng3 28. Kf2 Nxe2 29. Kxe2 Qe7 30. Kf1 Rf8 31. Bxe5 Qxe5 32. Ng4 Qf4 33. Qd3 h5
34. Nf2 g5 35. Ne4 g4 36. hxg4 hxg4 37. Qxd6 gxf3 38. Qxf4 fxg2+ 39. Kxg2 Rxf4
40. Nd6 b6 41. Kg3 Be5 42. Kg2 Bxd6 43. Rxd6 Rxc4 44. b5 cxb5 45. Rxb6 b4 46.
Kf2 Kf7 47. Ke2 Ke7 48. Kd3 Rc3+ 49. Kd4 Rb3 50. Kc4 Rb1 1/2-1/2

[Event "Guernsey Holiday"]
[Site "?"]
[Date "2007.10.27"]
[Round "7"]
[White "Paardekam, Rene"]
[Black "Baart, Edwin"]
[Result "0-1"]
[WhiteElo "1754"]
[BlackElo "1637"]
[PlyCount "62"]
[EventDate "2007.11.23"]

1. d4 d5 2. c4 e6 3. Nc3 Nf6 4. Nf3 Nbd7 5. Bg5 Be7 6. e3 O-O 7. Bd3 dxc4 8.
Bxc4 c5 9. O-O a6 10. dxc5 Bxc5 11. Rc1 b5 12. Be2 Be7 13. a3 Bb7 14. Qb3 Nd5
15. Bxe7 Qxe7 16. Rfd1 Rac8 17. Nd4 Nc5 18. Nxd5 Qg5 19. Qb4 Bxd5 20. g3 Nd7
21. Bf3 Nf6 22. Rc5 Nd7 23. Rcc1 Nf6 24. Nc6 Rxc6 25. Rxc6 Bxf3 26. Rc5 Nd5 27.
Rdc1 Nxb4 28. Rxg5 f6 29. Rxg7+ Kxg7 30. Rc7+ Kg8 31. axb4 Bd5 0-1

[Event "Guernsey Holiday"]
[Site "?"]
[Date "2007.10.27"]
[Round "7"]
[White "Ruigrok, Jacques"]
[Black "Sivakumar, Athman"]
[Result "0-1"]
[WhiteElo "1709"]
[BlackElo "1528"]
[PlyCount "28"]
[EventDate "2007.11.23"]

1. e4 e5 2. Nf3 Nf6 3. Nxe5 d6 4. Nf3 Nxe4 5. d4 d5 6. Bd3 Bd6 7. O-O O-O 8. c4
c6 9. Nc3 Nxc3 10. bxc3 dxc4 11. Bxh7+ Kxh7 12. Ng5+ Kg8 13. Qc2 g6 14. Qe4 Kg7
0-1

[Event "Guernsey Holiday"]
[Site "?"]
[Date "2007.10.27"]
[Round "7"]
[White "Bakkes, Frits"]
[Black "Finch, J Russell"]
[Result "1-0"]
[WhiteElo "1533"]
[BlackElo "1706"]
[PlyCount "37"]
[EventDate "2007.11.23"]

1. d4 Nf6 2. Nc3 d5 3. e4 dxe4 4. f3 exf3 5. Nxf3 Bg4 6. h3 Bxf3 7. Qxf3 c6 8.
Bf4 e6 9. O-O-O Qa5 10. Bc4 Nbd7 11. d5 cxd5 12. Nxd5 Rc8 13. Nxf6+ gxf6 14.
Rxd7 Rxc4 15. Rhd1 Bb4 16. Bh6 Rc8 17. Qxf6 Rxc2+ 18. Kxc2 Qa4+ 19. Kb1 1-0